Alliage ou Métal pur ? - Statistiques

Statistiques générales
  • Ce quiz a été pris 122 fois
  • Le résultat moyen est 23 sur 28
Statistiques - réponses
Hint Réponse % Correct
Fonte Alliage
93%
Magnésium Métal pur
93%
Or Métal pur
93%
Amalgame Alliage
90%
Plomb Métal pur
90%
Zinc Métal pur
90%
Maillechort Alliage
88%
Fer Métal pur
88%
Cuivre Métal pur
88%
Nickel Métal pur
88%
Lithium Métal pur
88%
Argent Métal pur
85%
Chrome Métal pur
85%
Inox Alliage
83%
Titane Métal pur
82%
Aluminium Métal pur
81%
Acier Alliage
80%
Monel Alliage
80%
Bismuth Métal pur
79%
Rhodium Métal pur
78%
Or nordique Alliage
77%
Laiton Alliage
75%
Vanadium Métal pur
75%
Molybdène Métal pur
73%
Stellite Alliage
72%
Bronze Alliage
68%
Vitallium Alliage
66%
Étain Métal pur
66%
Aucun quiz correspondant
Distribution des résultats
% des personnes avec chaque résultat
Percentile par nombre de réponses
Votre historique - résultats
Vous n’avez pas pris ce quiz